00000000nam 2200000za 4500
0019.865260
003CaOODSP
00520221107161744
007cr |||||||||||
008181127s2018    onca    o    f000 0 eng d
040 |aCaOODSP|beng
043 |an-cn---
0861 |aCi4-186/2018E-PDF
24500|aCome to Canada |h[electronic resource] : |ba guide to sponsor your spouse, partner or child.
260 |a[Ottawa] : |bImmigration, Refugees and Citizenship Canada, |c[2018]
300 |a[1] p. : |bcol. ill.
500 |aIssued also in French under title: Venir au Canada : un guide pour parrainer votre époux, votre conjoint ou votre enfant.
500 |aIssued also in HTML format.
69207|2gccst|aImmigration
7101 |aCanada. |bImmigration, Refugees and Citizenship Canada.
77508|tVenir au Canada |w(CaOODSP)9.865263
85640|qPDF|s673 KB|uhttps://publications.gc.ca/collections/collection_2018/ircc/Ci4-186-2018-eng.pdf
8564 |qHTML|sN/A|uhttps://www.canada.ca/en/immigration-refugees-citizenship/services/immigrate-canada/family-sponsorship/spouse-partner-children/infographic-process.html